| 000 | 00407nam a2200193Ia 4500 | ||
|---|---|---|---|
| 001 | 13436 | ||
| 003 | GE_BSU | ||
| 008 | 181216s||||||||xx |||||||||||||| ||und|| | ||
| 040 | _cGE_BSU | ||
| 080 | _a821.111-3 | ||
| 100 | _aPicoult, Jodi | ||
| 245 | _aMy syster's Keeper | ||
| 260 | _aLondon | ||
| 260 | _bHodder | ||
| 260 | _c2004 | ||
| 300 | _a420p.20cm. | ||
| 653 | _aMy syster's Keeper | ||
| 942 | _cBK | ||
| 999 |
_c46596 _d46596 |
||